000 02860nam a22002177a 4500
005 20240705150007.0
008 240704b ||||| |||| 00| 0 eng d
020 _a9393588228
040 _cAL
041 _aKannada
082 _223
_a321.80954K
_bARVS
100 _aArvinda Narain and others ಅರವಿಂದ ನರೇನ್
_9172733
245 _aSamvidhana Peethike: Ondu Putta Munnudi
_bಸಂವಿಧಾನ ಪೀಠಿಕೆ: ಒಂದು ಪುಟ್ಟ ಮುನ್ನುಡಿ
260 _aBengaluru
_bJana Prakashana
_c2021
300 _axv,80 p.
_bPB
_c21.5x14 cm.
365 _b₹100.00
_c
_d₹100.00
520 _aಸಂವಿಧಾನದ ಆಶಯಗಳ ಸಾರವೇ ಸಂವಿಧಾನದ ಪೀಠಿಕೆಯಾಗಿದೆ. ಆ ಕಾರಣದಿಂದಲೇ ಅನೇಕ ರಾಜತಾಂತ್ರಿಕ ಪರಿಣಿತರು ಹಾಗೂ ಸಾಮಾಜಿಕ ಚಿಂತಕರು ಪೀಠಿಕೆಯನ್ನು ಸಂವಿಧಾನದ ಆತ್ಮ ಎಂದಿದ್ದಾರೆ ಎನ್ನುತ್ತದೆ ಲೇಖಕ ಅರವಿಂದ ನರೇನ್ ಹಾಗೂ ಪೂರ್ಣ ರವಿಶಂಕರ್ ಅವರ ‘ಸಂವಿಧಾನ ಪೀಠಿಕೆ ಒಂದು ಪುಟ್ಟ ಮುನ್ನುಡಿ’ ಕೃತಿ. ಸಂವಿಧಾನಿಕ ಮೌಲ್ಯಗಳಾದ ಸ್ವಾತಂತ್ಯ್ರ, ಸಮಾನತೆ ಮತ್ತು ಬಂಧುತ್ವವನ್ನು ಮನಗಾಣಿಸಲು ಉಲ್ಲೇಖಿಸಿರುವ ನ್ಯಾಯಾಲಯ ಪ್ರಕರಣಗಳು ಮತ್ತು ವಿಶ್ಲೇಷಣೆಗಳು ಇಲ್ಲಿ ಮುಖ್ಯವಾಗಿದೆ. ಕೃತಿಯು 7 ಭಾಗಗಳನ್ನು ಒಳಗೊಂಡಿದ್ದು, ಆರಂಭ, ಹೋರಾಟದ ಫಲವಾಗಿ ‘ಸ್ವಾತಂತ್ಯ್ರ’ ಅಧ್ಯಾಯದಲ್ಲಿ ರಾಜಕೀಯ ಸ್ವಾತಂತ್ಯ್ರ, ಸಾಮಾಜಿಕ ಸ್ವಾತಂತ್ಯ್ರ, ಆರ್ಥಿಕ ಸ್ವಾತಂತ್ಯ್ರ, ಭಾರತದ ಸಂವಿಧಾನದ ಪೀಠಿಕೆ ಅಧ್ಯಾಯದಲ್ಲಿ ಪೀಠಿಕೆಯ ಪೂರ್ವಸೂಚಕಗಳು, ಭಾರತದ ಜನತೆಯಾದ ನಾವು, ಸಾರ್ವಭೌಮ ಪ್ರಜಾತಂತ್ರ ಗಣರಾಜ್ಯ, ಮತಧರ್ಮ ನಿರಪೇಕ್ಷತೆ, ಸಮಾಜವಾದಿ, ನ್ಯಾಯಪರತೆ, ಸ್ವಾತಂತ್ಯ್ರ, ಸಮಾನತೆ, ಬಂಧುತ್ವ, ಘನತೆ, ಕೊನೆಯ ಮಾತು, ಕೊನೆಯ ಟಿಪ್ಪಣಿಗಳು ವಿಚಾರವನ್ನು ಒಳಗೊಂಡಿದೆ.
700 _a NARAIN (Arvinda) ನರೇನ್ (ಅರವಿಂದ )
_9172553
700 _aRAVISHANKAR (POORNA) ರವಿಶಂಕರ್ (ಪೂರ್ಣ )
_9172554
942 _2ddc
_cDB
999 _c231379
_d231379